Statistiques concernant Les pays d'Afrique les plus septentrionaux

Cliquez ici pour prendre le quiz!

Statistiques générales

  • Ce quiz a été pris 13 579 fois
  • Le résultat moyen est 9 sur 10

Statistiques - réponses

LatitudePays% Correct
37°05'NAlgérie
99%
35°55'NMaroc
99%
31°36'NÉgypte
98%
37°31'NTunisie
98%
33°10'NLibye
96%
23°31'NMali
92%
22°12'NSoudan
92%
27°19'NMauritanie
91%
23°26'NTchad
88%
23°31'NNiger
87%

Distribution des résultats

Percentile par nombre de réponses

% des personnes avec chaque résultat

Votre développement - résultats

Vous n’avez pas pris ce quiz